[Event "Olympiad Women-43"]
[Site "Batumi"]
[Date "2018.10.04"]
[Round "10.4"]
[White "James, Shemilah"]
[Black "Radikoro, Boitumelo"]
[Result "1/2-1/2"]
[WhiteElo "1535"]
[BlackElo "1593"]
[PlyCount "63"]
[EventDate "2018.09.24"]
[EventType "team-swiss"]
[EventRounds "11"]
[EventCountry "GEO"]
[SourceTitle "EXT 2020"]
[Source "ChessBase"]
[SourceDate "2019.10.17"]
[SourceVersion "1"]
[SourceVersionDate "2019.10.17"]
[SourceQuality "1"]
[WhiteTeam "Trinidad and Tobago (W)"]
[BlackTeam "Botswana (W)"]
[WhiteTeamCountry "TRI"]
[BlackTeamCountry "BOT"]

1. e4 c6 2. d4 d5 3. exd5 cxd5 4. Bd3 Nc6 5. c3 Nf6 6. Bf4 Bg4 7. Qb3 Qb6 8. Nd2 e6 9. Ngf3 Rc8 10. 0-0 Be7 11. Ne5 Bh5 12. Ndf3 Nd7 13. Nxd7 Kxd7 14. Ne5+ Nxe5 15. Bxe5 Rcg8 16. Bg3 Bg6 17. Qxb6 axb6 18. Rad1 Bxd3 19. Rxd3 h5 20. f4 h4 21. Be1 Ra8 22. a3 f5 23. Re3 Bd6 24. Rh3 Be7 25. Bf2 b5 26. Re1 Bf6 27. Rhe3 Rae8 28. Rh3 Reg8 29. Rhe3 Re8 30. Rh3 Reg8 31. Rhe3 Re8 32. Rh3 1/2-1/2

[Event "Johannesburg FASU blitz op (Women) 8th"]
[Site "Johannesburg"]
[Date "2016.07.05"]
[Round "2"]
[White "Kabamba, Mulwale Bwalya"]
[Black "Radikoro, Boitumelo"]
[Result "0-1"]
[WhiteElo "1673"]
[BlackElo "1671"]
[PlyCount "134"]
[EventDate "2016.07.05"]
[EventType "swiss (blitz)"]
[EventRounds "7"]
[EventCountry "RSA"]
[SourceTitle "EXT 2017"]
[Source "ChessBase"]
[SourceDate "2016.10.25"]
[SourceVersion "1"]
[SourceVersionDate "2016.10.25"]
[SourceQuality "1"]

1. d4 c6 2. Bf4 d5 3. e3 Nf6 4. h3 Bf5 5. c4 Bg6 6. Nf3 Nbd7 7. Nc3 e6 8. cxd5 cxd5 9. Be2 Be7 10. 0-0 0-0 11. Bh2 Rc8 12. Rc1 h6 13. Qd2 Bh7 14. Bd3 Bxd3 15. Qxd3 Rc4 16. Ne2 a6 17. Rxc4 dxc4 18. Qxc4 Qb6 19. b3 Re8 20. Rc1 a5 21. Ne5 Nxe5 22. Bxe5 Nd5 23. Rc2 Bf6 24. Bxf6 Nxf6 25. Qc7 Qxc7 26. Rxc7 Rb8 27. Nc3 b6 28. Na4 Nd5 29. Rc2 Nb4 30. Rd2 b5 31. Nc5 Nd5 32. e4 Nc3 33. Rc2 b4 34. Kf1 Rd8 35. Rd2 e5 36. d5 Rc8 37. Rc2 Rxc5 38. f3 Kf8 39. Ke1 Ke7 40. Kd2 Kd6 41. g4 f6 42. h4 g6 43. Ke3 Nd1+ 44. Kd2 Rxc2+ 45. Kxc2 Nc3 46. Kb2 Ne2 47. Kc2 Ng1 48. Kd3 Nxf3 49. Kc4 Nxh4 50. Kb5 h5 51. gxh5 gxh5 52. Kxa5 Kc5 53. Ka4 Nf3 54. a3 bxa3 55. b4+ Kb6 56. Kxa3 h4 57. Ka4 h3 58. d6 h2 59. b5 h1Q 60. d7 Kc7 61. b6+ Kxd7 62. Kb5 Kc8 63. Kc6 Kb8 64. Kd6 Nd2 65. Kd5 Qxe4+ 66. Ke6 Kb7 67. Kxf6 Kxb6 0-1